000 00760nam a22002057a 4500
999 _c532849
_d532849
003 NUST
005 20191204100150.0
008 191204b ||||| |||| 00| 0 eng d
038 _aIESE
082 _a628
_bRAB
100 _aRabbani,Rabab
_926463
245 _aAssessment of wind resource potential and power production for selected sites in Pakistan.
_cRabab Rabbani
260 _aIslamabad
_bIESE (SCEE) NUST
_c2019
300 _a82p.
_bH.B
440 _aMS Environmental Engineering
_91549
500 _aThesis MS EE
650 _aEnvironmental Engineering
_91550
700 _4Dr. M Zeeshan Ali Khan (Supervisor)
942 _2ddc
_cTHE
_kIESE